| 000 | 00541nam a2200157 a 4500 | ||
|---|---|---|---|
| 001 | 000036585 | ||
| 005 | 20200930075819.0 | ||
| 008 | 120120s1965 mx 000 0 spa d | ||
| 040 |
_aDO-SdBNP _bspa _cBNPHU |
||
| 100 | 1 |
_aBrown, Esther Lucile _962855 |
|
| 245 | 1 | 0 |
_aNuevas dimensiones en el cuidado de los pacientes / _cEsther Lucile Brown. |
| 260 |
_aMéxico : _bLa Prensa Médican Mexicana, _c1965. |
||
| 300 |
_a463 p. ; _c26 cm. |
||
| 500 | _aIncluye índice | ||
| 504 | _aIncluye referencias bibliográficas y notas al pie de las páginas | ||
| 999 |
_c36076 _d36076 |
||